Normal view
MARC view
Entry Personal Name
001 - CONTROL NUMBER
- control field: 27933
003 - CONTROL NUMBER IDENTIFIER
- control field: dpl
005 - DATE AND TIME OF LATEST TRANSACTION
- control field: 20110510110117.0
008 - FIXED-LENGTH DATA ELEMENTS
- fixed length control field: 110510|||a|||||| | ||| d
040 ## - CATALOGING SOURCE
- Original cataloging agency: dpl
- Transcribing agency: dpl
100 ## - HEADING--PERSONAL NAME
- Personal name: Blankstein, Alan M.,
- Dates associated with a name: 1959-
670 ## - SOURCE DATA FOUND
- Source citation: Work cat.: (dpl)35405: Blankstein, Alan M., 1959-, Failure is not an option :, 2010.
670 ## - SOURCE DATA FOUND
- Source citation: Work cat.: (dpl)35405: Blankstein, Alan M., 1959-, Failure is not an option :, 2010.
